Porovnanie účinnosti hospodárskej politiky v SR a ČR bakalárska práca

Uložené v:
Podrobná bibliografia
Hlavný autor: Borodin, Marek
Korporativný autor: Národohospodárska fakulta EU. Katedra hospodárskej politiky
Ďalší autori: Nežinský, Eduard, 1972-
Médium: Kniha
Jazyk:Slovak
Vydavateľské údaje: Bratislava 2013
Tagy: Pridať tag
Žiadne tagy, Buďte prvý, kto otaguje tento záznam!

MARC

LEADER 00000nbm a2200000 4500
001 0172611
005 20161109112105.5
041 0 |a slo 
044 |a SK 
245 1 0 |a Porovnanie účinnosti hospodárskej politiky v SR a ČR  |b bakalárska práca  |c Marek Borodin ; školiteľ: Eduard Nežinský 
264 1 |a Bratislava  |c 2013 
300 |a 47 s. 
100 1 |a Borodin, Marek 
700 1 |a Nežinský, Eduard, 1972- 
710 2 |a Národohospodárska fakulta EU. Katedra hospodárskej politiky